Hidup sesudah mati

Bibliographic Details
Main Author: Bey Arifin
Format: Book
Published: Singapura : Pustaka Nasional , 1988
Subjects:

MARC

LEADER 00000cam a2200000 7i4500
001 0000012984
002 000014233
005 20000330.0
020 |a 9971772396 
090 0 0 |a 297.22   |b BEY 
100 0 |a Bey Arifin 
245 1 0 |a Hidup sesudah mati   |c Bey Arifin 
260 |a Singapura :   |b Pustaka Nasional ,   |c 1988 
300 |a 459 p. ;   |c 23 cm. 
650 0 0 |a Death   |x Religious aspects   |x Islam 
650 0 0 |a Eschatology, Islamic 
999 |a 023953   |b BUKU   |c PINJAMAN   |e PERPUSTAKAAN KOMUNITI PETALING JAYA